| 000 | 01364nam0a2200349 4500 | ||
|---|---|---|---|
| 001 | RU\NLR\b_ik\38566 | ||
| 005 | 20250616224335.0 | ||
| 010 | _a3-7001-2593-3 | ||
| 035 | _a(NLR Aleph) 002113275 | ||
| 090 |
_a1897553 _c1897553 |
||
| 100 | _a19950127d1996 |||y0rusy50 ca | ||
| 101 | 0 | _arus | |
| 102 | _aRU | ||
| 105 | _ay ||||||||| | ||
| 200 | 1 |
_aWien als Magnet? _eSchriftsteller aus Ost-, Ostmittel- u. Südosteuropa über die Stadt _fHrsg. Gertraud Marinelli-König, Nina Pavlova |
|
| 210 |
_aWien _cVerl. der Österr. Akad.der Wiss. _d1996 |
||
| 215 |
_a613c. _d24 |
||
| 225 | 1 |
_aSitzungsberichte _fÖsterr. Akad. der Wiss. Philos.-hist. Klasse _vBd. 637 _iVeröffentlichungen der Kommiss. für Literaturwiss. _vN 17 |
|
| 320 | _aБиблиогр. в примеч. в конце статей | ||
| 541 | 0 | _aВена как магнит. | |
| 606 | 0 |
_aВена в художественной литературе _2nlr-sh1 |
|
| 686 | 0 |
_aШ5(0)-342 _2rubbk |
|
| 702 | 1 |
_aMarinelli-König _bGertraud _f1950- _4340 |
|
| 801 | 0 |
_aRU _bNLR _c19950127 _gPSBO |
|
| 801 | 1 |
_aRU _bNLR _c20011019 |
|
| 852 |
_aNLR _jP25/529 |
||
| 942 | _cBOOK | ||
| 980 | _aNB | ||